Music Quiz

Random Music or Clickable Quiz

Ruined By A Letter: Band Names Quiz Stats

 Plays Quiz Updated Jun 13, 2018

Challenge
Share
Tweet
Embed
Score 0/25 Timer 04:00
5 Plays Today
% Correct
G
97.7%
T
97.6%
P
97.4%
F
97%
W
96.9%
A
96.9%
N
96.8%
B
96.4%
J
96.4%
I
96.3%
Y
96.2%
V
96.1%
C
96.1%
% Correct
E
95.9%
O
95.8%
X
95.5%
D
95%
L
93.9%
M
92.7%
K
92.1%
Z
91.4%
H
91.2%
S
90.6%
U
89%
R
84.4%

You're not logged in!

Compare scores with friends on all Sporcle quizzes.
OR
Log In

You Might Also Like...

Show Comments

Extras

Top Quizzes Today


Score Distribution

Your Account Isn't Verified!

In order to create a playlist on Sporcle, you need to verify the email address you used during registration. Go to your Sporcle Settings to finish the process.

Report this User

Report this user for behavior that violates our Community Guidelines.

Details: